[Event "IOM Open-Masters 2017"]
[Site "Douglas"]
[Date "2017.09.28"]
[Round "6"]
[White "Osmanodja, Filiz"]
[Black "Rakesh, Kumar Jena"]
[Result "1-0"]
[WhiteElo "2245"]
[BlackElo "2418"]
[Annotator "TA"]
[PlyCount "37"]
[EventDate "2017.??.??"]
[EventType "swiss"]
[EventCountry "GBR"]
[SourceTitle "playchess.com"]
[Source "ChessBase"]
[SourceQuality "1"]

{[%evp 10,37,58,31,72,67,89,74,78,90,91,54,63,61,78,55,65,30,47,53,136,145,135,152,143,119,202,193,282,284]} 1. e4 d6 2. d4 Nf6 3. Nc3 g6 4. Bg5 Bg7 5. Qd2 h6 6. Bh4 a6 {B07: Pirc Defence: Miscellaneous Systems} (6... g5 7. Bg3 Nh5 8. Nge2 e6 9. f3 Nxg3 10. hxg3 a6 11. g4 Nc6 12. O-O-O Bd7 13. Qe3 Qe7 14. Ng3 O-O-O 15. Nh5 Bf8 16. d5 {1-0 (29) Amonatov,F (2614)-Mamedyarov,S (2746) Almaty 2016}) 7. f4 b5 8. e5 dxe5 $146 {White is better.} ({Predecessor:} 8... b4 9. exf6 bxc3 10. Qe3 cxb2 11. Rb1 Bf8 12. Nf3 Qd7 13. Bc4 d5 14. fxe7 {0-1 (62) Yanev,T (2412)-Plaskett,H (2497) Palma de Mallorca 2013}) 9. fxe5 Nd5 10. Bd3 Nxc3 11. Qxc3 Bb7 12. Nf3 O-O 13. O-O-O Bd5 14. Rhe1 Nd7 {[#]} (14... Nc6 $14) 15. e6 $1 $16 {[%cal Re6f7][%mdl 512]} Bxe6 {[#]} 16. Rxe6 $1 {[%mdl 512]} fxe6 17. Qb3 Bf6 (17... Rxf3 $16 18. gxf3 (18. Qxe6+ Rf7 $16) 18... Nf8) 18. Qxe6+ Kg7 {[#]} (18... Kh8 {was necessary.} 19. Bxg6 Bxh4) 19. Ne5 $1 {Precision: White = 65%, Black = 33%.} 1-0

[Event "IOM Open-Masters 2017"]
[Site "Douglas"]
[Date "2017.09.28"]
[Round "6"]
[White "Allen, Keith"]
[Black "Jonsson, Gauti Pall"]
[Result "1/2-1/2"]
[WhiteElo "2231"]
[BlackElo "2011"]
[Annotator "TA"]
[PlyCount "60"]
[EventDate "2017.??.??"]
[EventType "swiss"]
[EventCountry "GBR"]
[SourceTitle "playchess.com"]
[Source "ChessBase"]
[SourceQuality "1"]

{[%evp 16,60,48,41,35,57,63,43,54,61,55,40,43,33,47,49,55,37,87,71,85,52,40,35,42,28,33,36,32,10,22,0,0,0,0,0,0,0,0,-7,0,0,0,0,0,-6,-7]} 1. d4 e6 2. g3 f5 3. Bg2 Nf6 4. c4 Be7 5. Nf3 O-O 6. O-O d6 7. Nc3 a5 8. b3 Ne4 9. Bb2 Nxc3 {A96: Classical Dutch: Fluid Systems: Early deviations} (9... Bf6 10. Qc2 Nxc3 11. Bxc3 Nc6 12. a3 e5 13. dxe5 dxe5 14. Rfd1 Qe7 15. e4 g6 16. Qb2 fxe4 17. Nd2 {1-0 (46) Arsovic,Z (2465)-Todorovic,G (2369) Smederevska Palanka 2016}) 10. Bxc3 Qe8 11. e3 Qh5 {White is slightly better.} 12. Nd2 Qxd1 $146 ({Predecessor:} 12... Qh6 13. Nf3 g5 14. Bd2 g4 15. e4 Qg6 16. Nh4 Bxh4 17. exf5 exf5 18. gxh4 {½-½ (30) Zarges,R (2184)-Smail,J ICCF email 2012}) 13. Rfxd1 Nd7 14. f4 e5 15. fxe5 dxe5 16. dxe5 Bc5 17. Bd4 Be7 18. Kf2 c6 19. Ke2 Nc5 20. Rf1 g6 21. Rac1 Re8 22. Nf3 Be6 {The position is equal.} 23. Bxc5 Bxc5 24. a4 Re7 25. Ne1 Rae8 26. Nd3 Ba7 27. Kd2 Bf7 28. e4 fxe4 29. Bxe4 Bd4 30. Rce1 Bxe5 {Precision: White = 27%, Black = 68%.} 1/2-1/2

[Event "IOM Open-Masters 2017"]
[Site "Douglas"]
[Date "2017.09.28"]
[Round "6"]
[White "Player, Edmund C"]
[Black "Hopson, Kevin Mike"]
[Result "1-0"]
[WhiteElo "2202"]
[BlackElo "1929"]
[Annotator "ChessBase"]
[PlyCount "57"]
[EventDate "2017.??.??"]
[EventType "swiss"]
[EventCountry "GBR"]
[SourceTitle "playchess.com"]
[Source "ChessBase"]
[SourceQuality "1"]
[TimeControl "40/6000+30:20/3000+30:900+30"]

1. e4 e5 2. Nf3 Nc6 3. Bb5 a6 4. Ba4 Nf6 5. O-O Be7 6. d3 b5 7. Bb3 d6 8. c3 O-O 9. Bc2 Re8 10. Re1 Bg4 11. h3 Bh5 12. a4 d5 13. Nbd2 dxe4 14. dxe4 b4 15. a5 Qd6 16. Ba4 Bxf3 17. Nxf3 Red8 18. Qxd6 Rxd6 19. Bxc6 Rxc6 20. Bd2 Rc4 21. Nxe5 Rxe4 22. Nc6 Bd6 23. cxb4 Rae8 24. Rxe4 Rxe4 25. b5 Rc4 26. Rc1 Rxc1+ 27. Bxc1 axb5 28. a6 Nd5 29. Be3 1-0

[Event "IOM Open-Masters 2017"]
[Site "Douglas"]
[Date "2017.09.28"]
[Round "6"]
[White "Oyama, Akito"]
[Black "Loos, Roland"]
[Result "1/2-1/2"]
[WhiteElo "2198"]
[BlackElo "2393"]
[Annotator "ChessBase"]
[PlyCount "68"]
[EventDate "2017.??.??"]
[EventType "swiss"]
[EventCountry "GBR"]
[SourceTitle "playchess.com"]
[Source "ChessBase"]
[SourceQuality "1"]
[TimeControl "40/6000+30:20/3000+30:900+30"]

1. e4 e6 2. d4 d5 3. Nc3 Bb4 4. Nge2 Nf6 5. e5 Nfd7 6. a3 Bf8 7. Be3 c5 8. f4 Nc6 9. dxc5 Bxc5 10. Qd2 Bxe3 11. Qxe3 Qb6 12. Qxb6 Nxb6 13. O-O-O Bd7 14. Nd4 Ke7 15. Be2 Rhc8 16. Rhe1 a6 17. g4 Na5 18. Rd3 Nac4 19. g5 Kf8 20. Rh3 Kg8 21. Bd3 g6 22. Nd1 Bb5 23. Nf2 Nd7 24. Ng4 Rc7 25. Rh6 Nxa3 26. Nxb5 Nxb5 27. Re3 Rac8 28. Nf6+ Kf8 29. Rxh7 Nc5 30. Bxg6 fxg6 31. Rh8+ Ke7 32. Rh7+ Kf8 33. Rh8+ Ke7 34. Rh7+ Kf8 1/2-1/2

[Event "IOM Open-Masters 2017"]
[Site "Douglas"]
[Date "2017.09.28"]
[Round "6"]
[White "Heimisson, Hilmir Freyr"]
[Black "Kojima, Shinya"]
[Result "0-1"]
[WhiteElo "2185"]
[BlackElo "2403"]
[Annotator "TA"]
[PlyCount "82"]
[EventDate "2017.??.??"]
[EventType "swiss"]
[EventCountry "GBR"]
[SourceTitle "playchess.com"]
[Source "ChessBase"]
[SourceQuality "1"]

{[%evp 9,82,0,-17,0,0,0,0,-8,20,-17,-16,-16,-21,-23,0,-56,0,0,-2,-16,0,-11,-20,-37,-26,-63,-8,-16,-9,-6,-17,-60,-58,-84,-27,-31,-33,-81,-87,-82,-87,-110,-107,-129,-112,-227,-215,-229,-210,-213,-218,-306,-303,-305,-298,-299,-285,-439,-434,-424,-427,-558,-542,-765,-762,-766,-765,-742,-726,-688,-675,-813,-781,-705,-727]} 1. d4 d5 2. Bf4 c5 3. e3 Nc6 4. c3 Nf6 5. Nd2 Bf5 6. Qb3 {D00: 1 d4 d5: Unusual lines} Qd7 7. Ngf3 c4 8. Qd1 {The position is equal.} h6 9. h3 e6 10. Ne5 $146 ({Predecessor:} 10. Be2 Bd6 11. O-O O-O 12. b3 b5 {0-1 (86) Grachev,B (2654)-Eljanov,P (2742) Moscow 2010}) 10... Nxe5 11. Bxe5 Be7 12. e4 ({Better is} 12. b3 $11) 12... Bh7 ({Don't play} 12... dxe4 $6 13. Bxc4 O-O 14. Qe2 $14) (12... Nxe4 $15 13. Bxg7 Rh7) 13. exd5 $11 exd5 14. Be2 O-O 15. O-O b5 16. Qc1 a5 17. Bd1 Qf5 (17... Bd3 $15 18. Re1 b4) 18. Re1 Rfe8 19. Nf1 Ne4 20. f3 Bh4 $36 {[%mdl 2048] Black is pushing.} 21. Bc2 Rxe5 (21... Bf2+ $17 22. Kh2 Bxe1 23. Qxe1 Rxe5 24. dxe5 Qf4+ 25. Kg1 Nc5) 22. dxe5 Bf2+ 23. Kh2 {aiming for Re2.} Bxe1 ({Weaker is} 23... Qxe5+ 24. Kh1 $16) 24. Qxe1 Qf4+ 25. Kh1 Nc5 26. Qf2 {[#] Black must now prevent Bxh7+.} Rc8 $1 {Strongly threatening ...Bxc2.} 27. Re1 (27. Qe3 $17 Qxe3 28. Bxh7+ Kxh7 29. Nxe3) 27... Bxc2 $19 28. Qxc2 Nd3 29. Re3 Re8 30. g3 (30. Qe2 $142) 30... Qf5 31. f4 Qxh3+ 32. Kg1 Qd7 33. Rxd3 (33. Qg2 {was necessary.}) 33... cxd3 {Black is clearly winning.} 34. Qxd3 {[%mdl 4096] Endgame [#] KQR-KQN} d4 $1 35. cxd4 Rd8 36. Kf2 Qxd4+ 37. Qxd4 Rxd4 38. Ke3 Rd1 39. Nd2 Ra1 40. a3 Ra2 41. Nb3 a4 {Precision: White = 30%, Black = 64%.} 0-1

[Event "IOM Open-Masters 2017"]
[Site "Douglas"]
[Date "2017.09.28"]
[Round "6"]
[White "Seyfried, Claus"]
[Black "Ragnarsson, Dagur"]
[Result "0-1"]
[WhiteElo "2173"]
[BlackElo "2340"]
[Annotator "ChessBase"]
[PlyCount "110"]
[EventDate "2017.??.??"]
[EventType "swiss"]
[EventCountry "GBR"]
[SourceTitle "playchess.com"]
[Source "ChessBase"]
[SourceQuality "1"]
[TimeControl "40/6000+30:20/3000+30:900+30"]

1. e4 e6 2. d4 d5 3. Nd2 c5 4. Ngf3 cxd4 5. Nxd4 Nf6 6. Bb5+ Bd7 7. exd5 Nxd5 8. O-O Bxb5 9. Nxb5 a6 10. Nd4 Be7 11. Qf3 Bf6 12. N4b3 Nc6 13. Ne4 Be5 14. c4 Nb6 15. Qe2 O-O 16. Bg5 f6 17. Be3 Na4 18. Nbc5 Nxc5 19. Bxc5 Rf7 20. Rad1 Qa5 21. Rd3 Rd8 22. Rxd8+ Qxd8 23. f4 Bd4+ 24. Bxd4 Qxd4+ 25. Kh1 Rd7 26. Nc3 Re7 27. g3 f5 28. Rd1 Qc5 29. Qd3 Kf7 30. b3 Nb8 31. Qd6 Qxd6 32. Rxd6 Rd7 33. Rxd7+ Nxd7 34. Kg2 Ke7 35. Kf3 Kd6 36. Ke3 e5 37. fxe5+ Kxe5 38. Nd5 g5 39. Nb4 Nc5 40. Nc2 Ne6 41. Ne1 f4+ 42. gxf4+ gxf4+ 43. Kd3 Nc5+ 44. Ke2 Kd4 45. b4 Ne6 46. c5 Kc3 47. a3 Nd4+ 48. Kf2 Kb3 49. Nd3 Kxa3 50. h4 Kb3 51. h5 Kc3 52. Nxf4 Kxb4 53. Ke3 Kxc5 54. Nd3+ Kd5 55. Nf4+ Kc4 0-1

[Event "IOM Open-Masters 2017"]
[Site "Douglas"]
[Date "2017.09.28"]
[Round "6"]
[White "Birkisson, Bardur Orn"]
[Black "Rapport, Jovana"]
[Result "0-1"]
[WhiteElo "2164"]
[BlackElo "2327"]
[Annotator "TA"]
[PlyCount "88"]
[EventDate "2017.??.??"]
[EventType "swiss"]
[EventCountry "GBR"]
[SourceTitle "playchess.com"]
[Source "ChessBase"]
[SourceQuality "1"]

{[%evp 17,88,45,56,22,85,46,79,0,30,-36,-32,-39,-43,-38,0,-36,-43,-43,-27,-31,-30,-33,0,-7,2,-33,1,-12,-16,-18,-24,-97,0,0,0,0,0,0,0,0,0,-27,-32,-127,-120,-127,-121,-149,-144,-150,-184,-181,-184,-175,-175,-196,-179,-190,-173,-194,-138,-211,-177,-362,-350,-357,-342,-497,-487,-904,-878,-670,-525]} 1. Nf3 d6 2. d4 Nf6 3. Nc3 Nbd7 4. e4 e5 5. Bc4 Be7 6. O-O c6 7. a4 Qc7 8. a5 {C41: Philidor Defence} (8. Re1 h6 9. Qd3 exd4 10. Qxd4 Ne5 11. Nxe5 dxe5 {1-0 (11) Fedorchuk,S (2665)-Rapport,R (2704) Palic 2014}) 8... h6 9. Re1 Nf8 {LiveBook: 7 Games} 10. Be3 {White is slightly better.} Bg4 $146 (10... Ng4 $11) ({Predecessor:} 10... g5 11. dxe5 dxe5 12. a6 b6 13. Bf1 Ng6 14. Nd2 Nf4 15. Nc4 Be6 16. Qb1 {1-0 (33) Hood,S-Janse,J Utrecht 2000}) 11. d5 a6 12. Na4 (12. h3 $16 cxd5 13. Bxd5 (13. hxg4 dxc4 14. Nd2 Qc6 $11) (13. Nxd5 Nxd5 14. Bxd5 Be6 $16)) 12... N8d7 13. b4 (13. Be2 $11) 13... cxd5 $15 14. Bxd5 Nxd5 15. Qxd5 O-O 16. Nb6 Nxb6 17. Bxb6 Qd7 18. Nd2 Be6 19. Qd3 f5 20. c4 Rac8 21. b5 Kh8 22. Red1 fxe4 23. Qxe4 Rf4 24. Qd3 (24. Qb1 $11 {remains equal.}) 24... Bxc4 (24... axb5 $17 25. cxb5 Rb4) 25. Nxc4 $11 Rfxc4 ({Avoid the trap} 25... Rcxc4 $2 26. g3 $16) 26. bxa6 bxa6 27. Qd5 Qc6 28. Qe6 Bf8 $36 {[%mdl 2048] Black fights for an advantage.} 29. g3 Qf3 30. Qd5 ({White should try} 30. Be3 $15) 30... Qxd5 $17 31. Rxd5 Kg8 32. Kg2 Kf7 33. h4 Ke6 34. Rad1 Rc1 35. R1d2 R8c2 36. R2d3 Re1 37. Rd2 Rxd2 38. Rxd2 $19 {[%mdl 4096] Endgame KRB-KRB} Rc1 (38... d5 $19 39. Ba7 d4) 39. Be3 (39. f4 $17 {keeps fighting.}) 39... d5 40. Rxd5 $2 {[#]} (40. f4) 40... Kxd5 41. Bxc1 Bb4 42. h5 (42. g4 {is a better defense.}) 42... Bxa5 {Black is clearly winning.} 43. Bb2 (43. g4 $142 Bb6 44. g5 hxg5 45. Bxg5) 43... Bb6 44. Bc3 Bd4 {Precision: White = 20%, Black = 62%.} 0-1

[Event "IOM Open-Masters 2017"]
[Site "Douglas"]
[Date "2017.09.28"]
[Round "6"]
[White "Coathup, Roger H"]
[Black "Birkisson, Bjorn Holm"]
[Result "1-0"]
[WhiteElo "2125"]
[BlackElo "2023"]
[Annotator "TA"]
[PlyCount "89"]
[EventDate "2017.??.??"]
[EventType "swiss"]
[EventCountry "GBR"]
[SourceTitle "playchess.com"]
[Source "ChessBase"]
[SourceQuality "1"]

{[%evp 20,89,-10,-17,13,0,0,-2,22,16,53,-29,-29,-26,-31,-25,-22,-11,-4,-17,192,196,186,169,285,277,253,221,189,138,146,124,197,137,139,71,169,152,165,136,131,148,166,93,93,91,87,81,133,0,0,-38,0,0,189,198,195,196,185,183,225,221,639,608,595,574,665,681,676,673,618,577]} 1. c4 e6 2. g3 d5 3. Bg2 Nf6 4. Nf3 Be7 5. O-O O-O 6. b3 c5 7. d3 {A14: Reti-Eröffnung} (7. e3 Nc6 8. Bb2 b6 9. Nc3 dxc4 10. bxc4 Bb7 11. Qe2 Qc7 12. Rac1 Rfd8 13. Rfd1 Na5 14. Ne1 Bxg2 15. Nxg2 Qb7 16. f4 a6 17. Ba1 Ne4 18. Nxe4 Qxe4 19. d3 Qg6 {0-1 (47) Caruana,F (2807)-Aronian,L (2799) Saint Louis 2017}) 7... d4 8. Na3 Nc6 9. e3 e5 10. exd4 exd4 11. Nc2 {LiveBook: 6 Partien} Ne8 12. a3 $146 ({Vorgänger:} 12. h3 Bf5 13. Re1 Qd7 14. Kh2 Nc7 {1-0 (23) Bedrinana,I-Alvis,J (2178) Lima 2002}) 12... a5 13. Rb1 Bf5 14. Re1 Qd7 15. Ne5 (15. b4 $14) 15... Nxe5 $11 16. Rxe5 Bd6 17. Re1 Rb8 18. b4 {Droht stark bxc5.} axb4 19. axb4 b5 $2 (19... b6 $1 $11 {und Schwarz muss sich keine Sorgen machen.}) 20. bxc5 $18 Bxc5 21. Re5 Bd6 (21... Qc8 $142 22. Ba3 (22. Rxb5 Rxb5 23. cxb5 Nf6 $16) (22. cxb5 Bg4 $16) 22... Bxa3) 22. Rexb5 Rxb5 23. Rxb5 Nc7 24. Rb6 (24. Nxd4 Nxb5 25. Nxb5 Rc8 $11) (24. Rb7 $18) 24... Ne6 $16 25. Bb2 Re8 (25... Bc5 $16 26. Rb5 Qd6) 26. Rb7 (26. Nxd4 $6 Nxd4 27. Bxd4 Bxg3 $16) (26. h4 $18) 26... Qa4 27. Bd5 ({Besser ist} 27. h4) 27... Nd8 (27... Nc7 $16) 28. Rb6 (28. Bxd4 $2 Nxb7 29. Bxb7 Qb3 $17) 28... Bh3 29. f3 ({Aber nicht} 29. Rxd6 $2 {[#]} Qxc2 $3 {[%mdl 512]} 30. Qf1 Bxf1 $19) 29... Bc5 30. Rb5 Ba7 31. Kf2 ({Lieber} 31. Qd2 $18) 31... Bd7 32. Rb4 Qa6 33. Qd2 Qf6 ({Günstiger ist} 33... Bc5) 34. h4 (34. Ba3 $16) 34... Qf5 $1 $11 {[%cal Rf5h3] [#] Und weiter mit ...Dh3 wäre nett.} 35. g4 Qe5 {Und ...Dh2+ würde nun gewinnen.} 36. f4 $36 {[%mdl 2048] Weiss hat Druck.} Qe3+ $2 (36... Qd6 $11 {und Schwarz steht sicher.}) 37. Qxe3 $18 dxe3+ 38. Kf3 e2 39. Bc3 Nc6 40. Rb7 Bd4 $2 (40... Re7 41. f5 h5 42. gxh5 Bc8 43. Rxe7 (43. Bxc6 Bxb7 44. Bxb7 Rxb7 $16) 43... Nxe7) 41. Rxd7 {Weiß steht klar auf Gewinn.} Bxc3 42. Bxc6 e1=N+ 43. Nxe1 Bxe1 44. Bd5 Rf8 45. h5 {Precision: Weiß = 38%, Schwarz = 42%.} 1-0

[Event "IOM Open-Masters 2017"]
[Site "Douglas"]
[Date "2017.09.28"]
[Round "6"]
[White "Pranav Anand"]
[Black "Nahnsen, Kenneth"]
[Result "1/2-1/2"]
[WhiteElo "2105"]
[BlackElo "2011"]
[Annotator "ChessBase"]
[PlyCount "133"]
[EventDate "2017.??.??"]
[EventType "swiss"]
[EventCountry "GBR"]
[SourceTitle "playchess.com"]
[Source "ChessBase"]
[SourceQuality "1"]
[TimeControl "40/6000+30:20/3000+30:900+30"]

1. d4 g6 2. c4 Bg7 3. Nc3 c5 4. d5 Bxc3+ 5. bxc3 f5 6. Nf3 Nf6 7. Qb3 Qa5 8. Bh6 d6 9. e3 Nbd7 10. Be2 Nb6 11. Nd2 Bd7 12. O-O O-O-O 13. Rfe1 Rhe8 14. Bg5 Rh8 15. Bh4 Rhg8 16. f3 g5 17. Bf2 Ba4 18. Qb1 Bd7 19. Qd3 g4 20. Bh4 gxf3 21. Bxf3 Rde8 22. h3 Qa4 23. Kh1 Ne4 24. Bxe4 fxe4 25. Qxe4 e6 26. Qf4 exd5 27. Qxd6 Qc6 28. Bg3 Qxd6 29. Bxd6 Nxc4 30. Nxc4 dxc4 31. Bxc5 Bc6 32. Re2 b6 33. Bd4 Be4 34. Kh2 Ref8 35. Be5 Rf5 36. Bf4 Rd5 37. g4 Rgd8 38. Kg3 Rd1 39. Rxd1 Rxd1 40. Be5 Rf1 41. Rf2 Rxf2 42. Kxf2 Kd7 43. Kg3 Ke6 44. Kf4 Kd5 45. h4 Bd3 46. Bd4 Bc2 47. Kg5 Ke6 48. Kf4 Kd5 49. h5 Bd3 50. Kg5 Ke6 51. Kh6 Kf7 52. Kg5 Ke6 53. Kf4 Kd5 54. Bf6 b5 55. a3 a5 56. Bd8 a4 57. Be7 Bc2 58. Bb4 Bd3 59. g5 Bc2 60. g6 hxg6 61. h6 g5+ 62. Kxg5 Ke6 63. Bc5 Bh7 64. Kf4 Kd5 65. Bd4 Bd3 66. Kg4 Bh7 67. Bg7 1/2-1/2

[Event "IOM Open-Masters 2017"]
[Site "Douglas"]
[Date "2017.09.28"]
[Round "6"]
[White "Kavinda, Akila"]
[Black "Frank, Tena"]
[Result "1/2-1/2"]
[WhiteElo "2099"]
[BlackElo "2002"]
[Annotator "NA RC"]
[PlyCount "77"]
[EventDate "2017.??.??"]
[EventType "swiss"]
[EventCountry "GBR"]
[SourceTitle "playchess.com"]
[Source "ChessBase"]
[SourceQuality "1"]
[TimeControl "40/6000+30:20/3000+30:900+30"]

1. Nf3 c5 2. g3 b6 3. Bg2 Bb7 4. O-O Nf6 5. c4 g6 6. Nc3 Bg7 7. Re1 d6 8. e4 O-O 9. d4 cxd4 10. Nxd4 Qc8 11. Nd5 Re8 12. Bg5 Nbd7 13. Rc1 a6 14. b4 h6 15. Be3 Rb8 16. Nb3 Qd8 17. h3 Kh7 18. Qd2 Bf8 19. f4 e6 20. Nxf6+ Nxf6 21. Bf2 Ba8 22. Qd3 Qe7 23. e5 Bxg2 24. exf6 Qb7 25. Kh2 Bc6 26. Nd4 Bd7 27. Nf3 Bc6 28. Nd4 Bd7 29. b5 a5 30. Nf3 Red8 31. h4 d5 32. Ne5 dxc4 33. Qxc4 Be8 34. h5 Rbc8 35. hxg6+ fxg6 36. Nc6 Rd5 37. g4 Qf7 38. Qe4 Rxb5 39. Qg2 1/2-1/2

[Event "IOM Open-Masters 2017"]
[Site "Douglas"]
[Date "2017.09.28"]
[Round "6"]
[White "Bianco, Valerio"]
[Black "Kruse, Janik"]
[Result "1/2-1/2"]
[WhiteElo "2086"]
[BlackElo "2096"]
[Annotator "NA RC"]
[PlyCount "87"]
[EventDate "2017.??.??"]
[EventType "swiss"]
[EventCountry "GBR"]
[SourceTitle "playchess.com"]
[Source "ChessBase"]
[SourceQuality "1"]
[TimeControl "40/6000+30:20/3000+30:900+30"]

1. e4 Nc6 2. Nf3 d6 3. d4 Nf6 4. Nc3 e5 5. dxe5 Nxe5 6. Nxe5 dxe5 7. Qxd8+ Kxd8 8. Bg5 c6 9. Bc4 Be6 10. Bxe6 fxe6 11. Ke2 Bd6 12. f3 Ke7 13. Be3 Bc7 14. a4 Bb6 15. Nd1 Rhd8 16. Bxb6 axb6 17. Ne3 Rd4 18. b3 Rad8 19. Rhd1 Nd7 20. Nc4 b5 21. axb5 cxb5 22. Ne3 Nb8 23. c3 Rxd1 24. Rxd1 Rxd1 25. Kxd1 Kd6 26. Kc2 Nc6 27. b4 Ke7 28. Kd3 Kf6 29. Nc2 Ke7 30. Na3 Na7 31. c4 bxc4+ 32. Kxc4 Kd6 33. Nb5+ Nxb5 34. Kxb5 Kc7 35. Kc5 g5 36. Kb5 h5 37. Kc5 b6+ 38. Kb5 Kb7 39. Kc4 Kc6 40. Kc3 Kd6 41. g3 b5 42. Kd3 Ke7 43. Ke3 Kf6 44. Kd3 1/2-1/2

[Event "IOM Open-Masters 2017"]
[Site "Douglas"]
[Date "2017.09.28"]
[Round "6"]
[White "Byron, Alan M"]
[Black "Acosta, Mariano"]
[Result "1-0"]
[WhiteElo "2074"]
[BlackElo "1988"]
[Annotator "NA RC"]
[PlyCount "93"]
[EventDate "2017.??.??"]
[EventType "swiss"]
[EventCountry "GBR"]
[SourceTitle "playchess.com"]
[Source "ChessBase"]
[SourceQuality "1"]
[TimeControl "40/6000+30:20/3000+30:900+30"]

1. e4 Nf6 2. e5 Nd5 3. d4 d6 4. c4 Nb6 5. exd6 exd6 6. Nc3 Be7 7. Be2 O-O 8. Nf3 Bg4 9. b3 c6 10. O-O d5 11. c5 Nc8 12. h3 Bh5 13. g4 Bg6 14. Ne5 Nd7 15. Nxg6 hxg6 16. f4 b6 17. cxb6 axb6 18. Bf3 Nd6 19. Bg2 b5 20. Be3 Nb6 21. Qd3 b4 22. Ne2 f5 23. g5 Kf7 24. Rfc1 Qd7 25. Kh2 Rh8 26. Ng1 Ne4 27. Nf3 Bd6 28. Rc2 Qb7 29. Ne5+ Bxe5 30. dxe5 Rhd8 31. Bd4 Rac8 32. Rac1 Ke6 33. Qe2 Kf7 34. Qe3 Nd7 35. e6+ Kxe6 36. Bxg7 c5 37. Bxe4 fxe4 38. Qg3 Kf7 39. Be5 d4 40. Qh4 Qa6 41. Qh7+ Ke8 42. Bf6 Nxf6 43. Qxg6+ Kf8 44. gxf6 Qe6 45. Qg7+ Ke8 46. Rxc5 Rxc5 47. Rxc5 1-0

[Event "IOM Open-Masters 2017"]
[Site "Douglas"]
[Date "2017.09.28"]
[Round "6"]
[White "Dahl, Baard"]
[Black "Mueller, Philipp"]
[Result "0-1"]
[WhiteElo "1974"]
[BlackElo "2220"]
[Annotator "TA"]
[PlyCount "52"]
[EventDate "2017.??.??"]
[EventType "swiss"]
[EventCountry "GBR"]
[SourceTitle "playchess.com"]
[Source "ChessBase"]
[SourceQuality "1"]

{[%evp 9,52,22,50,11,16,25,58,42,43,0,0,0,-9,-140,-147,-256,-256,-281,-300,-283,-300,-291,-285,-289,-289,-262,-180,-171,-156,-302,-295,-299,-299,-338,-335,-330,-336,-337,-333,-870,-785,-29977,-29981,-29995,-998]} 1. e4 c5 2. Nf3 e6 3. d4 cxd4 4. Nxd4 Nc6 5. Nc3 Qc7 6. Qd3 {B47: Sicilian: Taimanov: 5 Nc3 Qc7 6 f4, 6 g3 and 6 Be2} Nxd4 7. Qxd4 Nf6 $146 {[%cal Bg8f6,Bf6e4,Be4f2][%mdl 32]} ({Predecessor:} 7... a6 8. Be3 b5 9. f3 Ne7 10. O-O-O Nc6 11. Qd2 d6 12. h4 Rb8 13. Kb1 Bd7 {0-1 (40) Bruzon Batista,L (2650)-Cori Tello,J (2618) Medellin 2017}) 8. Nb5 {White is slightly better.} Qc6 $1 9. Nxa7 ({Better is} 9. e5 $14 Bc5 10. Nd6+ Qxd6 11. Qxd6 Bxd6 12. exd6) 9... Rxa7 $11 10. Qxa7 {Black must now prevent Bd3.} Bc5 11. Qb8 (11. Qa8 $1 $11 {was the only way to keep the balance.}) 11... Nxe4 $17 12. Bd3 (12. f3 $17 {was called for.} Bd6 13. Qa7 Bb4+ 14. c3) 12... Nxf2 $19 13. Rf1 Nxd3+ 14. cxd3 {[#]} d6 $1 15. Qa8 O-O 16. Qa5 Qxg2 17. Qd2 Qg4 18. Qf4 Qh5 {Hoping for ...e5.} 19. Bd2 (19. Be3 $17) 19... e5 20. Qg3 Bh3 21. Rf3 Bg4 22. Rf1 f5 {[%cal Bf7f5,Bf5f4][%mdl 32]} 23. h3 Be2 ({Resist} 23... Qxh3 24. Qxh3 Bxh3 25. Rh1) 24. Bh6 $2 (24. Qg5) 24... Rf7 {[#] And now ...f4 would win.} 25. Rh1 f4 26. Qh2 Bb4+ {Precision: White = 20%, Black = 81%.} 0-1

[Event "IOM Open-Masters 2017"]
[Site "Douglas"]
[Date "2017.09.29"]
[Round "7"]
[White "Carlsen, Magnus"]
[Black "Vidit, Santosh Gujrathi"]
[Result "1/2-1/2"]
[WhiteElo "2827"]
[BlackElo "2702"]
[Annotator "TA"]
[PlyCount "61"]
[EventDate "2017.??.??"]
[EventType "swiss"]
[EventCountry "GBR"]
[SourceTitle "playchess.com"]
[Source "ChessBase"]
[SourceQuality "1"]

{[%evp 16,61,0,0,14,9,13,9,0,10,12,12,24,-4,-4,-4,-5,-31,-43,-65,-65,-60,-58,-51,-62,-67,-58,-62,-19,-20,-21,-15,-7,-16,0,0,3,4,4,4,11,13,13,13,14,0,14,0]} 1. Nf3 d5 2. g3 g6 3. Bg2 Bg7 4. O-O e5 5. d3 Ne7 6. e4 O-O 7. exd5 Nxd5 8. Re1 Nc6 9. Nc3 Nde7 {A07: Réti Opening: New York and Capablanca Systems} 10. Rb1 a5 11. b3 (11. a3 Nf5 12. b4 axb4 13. axb4 Nfd4 14. Nd2 Be6 15. b5 Na5 16. Nde4 Qc8 17. Bg5 {½-½ (48) Ding,L (2760)-Hammer,J (2628) Sharjah 2017}) 11... Re8 $146 ({Predecessor:} 11... Nf5 12. Bb2 Nfd4 13. Nxd4 exd4 14. Nd5 Be6 15. Nf4 Bf5 {½-½ (39) Romm,M (2450)-Krzyzanowski,W (2411) ICCF email 2014}) 12. Bb2 Nf5 13. Nb5 a4 14. c4 (14. b4 $5) 14... axb3 15. axb3 Nd6 16. Ra1 (16. Qd2 {keeps more tension.} Bg4 17. Nxd6 Qxd6 18. Ng5 Bf5 19. Rbd1) 16... Rxa1 17. Bxa1 Nxb5 $1 18. cxb5 Nd4 19. Bxd4 exd4 20. Rxe8+ Qxe8 21. Qc1 Bd7 22. Qxc7 {The position is equal.} Bxb5 23. Bf1 Bc6 24. Qf4 Bxf3 25. Qxf3 Qc6 26. Qd1 b6 27. Bg2 Qe6 28. Bb7 Bf8 29. Qf3 Kg7 30. Qf4 Qf6 31. Qxf6+ {Precision: White = 75%, Black = 63%.} 1/2-1/2